MARC details
| 000 -LEADER |
| fixed length control field |
01148cam a2200313 a 4500 |
| 001 - CONTROL NUMBER |
| control field |
14845163 |
| 003 - CONTROL NUMBER IDENTIFIER |
| control field |
OSt |
| 005 - DATE AND TIME OF LATEST TRANSACTION |
| control field |
20230606091310.0 |
| 008 - FIXED-LENGTH DATA ELEMENTS--GENERAL INFORMATION |
| fixed length control field |
070510s2006 ug b 000 0 eng |
| 010 ## - LIBRARY OF CONGRESS CONTROL NUMBER |
| LC control number |
2007383310 |
| 020 ## - INTERNATIONAL STANDARD BOOK NUMBER |
| International Standard Book Number |
9966957057 |
| 040 ## - CATALOGING SOURCE |
| Original cataloging agency |
DLC |
| Transcribing agency |
DLC |
| Modifying agency |
DLC |
| 042 ## - AUTHENTICATION CODE |
| Authentication code |
lcode |
| 043 ## - GEOGRAPHIC AREA CODE |
| Geographic area code |
fe----- |
| 082 ## - DEWEY DECIMAL CLASSIFICATION NUMBER |
| Classification number |
354.9676 |
| Item number |
PET |
| 245 00 - TITLE STATEMENT |
| Title |
Political succession in East Africa : |
| Remainder of title |
in search for a limited leadership / |
| Statement of responsibility, etc. |
edited by Chris Maina Peter and Fritz Kopsieker. |
| 260 ## - PUBLICATION, DISTRIBUTION, ETC. (IMPRINT) |
| Place of publication, distribution, etc. |
Nairobi, Kenya : |
| Name of publisher, distributor, etc. |
Friedrich Ebert Stiftung, Kenya Office ; |
| Place of publication, distribution, etc. |
Kampala, Uganda : |
| Name of publisher, distributor, etc. |
Kituo Cha Katiba, |
| Date of publication, distribution, etc. |
[2006] |
| 300 ## - PHYSICAL DESCRIPTION |
| Extent |
xx, 150 p. ; |
| Dimensions |
21 cm. |
| 500 ## - GENERAL NOTE |
| General note |
"May, 2006." |
| 504 ## - BIBLIOGRAPHY, ETC. NOTE |
| Bibliography, etc |
Includes bibliographical references (p. 137-150). |
| 650 #0 - SUBJECT ADDED ENTRY--TOPICAL TERM |
| Topical term or geographic name as entry element |
Heads of state |
| General subdivision |
Succession |
| Geographic subdivision |
Africa, East. |
| 651 #0 - SUBJECT ADDED ENTRY--GEOGRAPHIC NAME |
| Geographic name |
Africa, East |
| General subdivision |
Politics and government. |
| 700 1# - ADDED ENTRY--PERSONAL NAME |
| Personal name |
Peter, Chris Maina, |
| Dates associated with a name |
1954- |
| 700 1# - ADDED ENTRY--PERSONAL NAME |
| Personal name |
Kopsieker, Fritz. |
| 856 41 - ELECTRONIC LOCATION AND ACCESS |
| Materials specified |
Table of contents only |
| Uniform Resource Identifier |
<a href="http://www.loc.gov/catdir/toc/fy0803/2007383310.html">http://www.loc.gov/catdir/toc/fy0803/2007383310.html</a> |
| 906 ## - LOCAL DATA ELEMENT F, LDF (RLIN) |
| a |
7 |
| b |
cbc |
| c |
origode |
| d |
3 |
| e |
ncip |
| f |
20 |
| g |
y-gencatlg |
| 942 ## - ADDED ENTRY ELEMENTS (KOHA) |
| Source of classification or shelving scheme |
Dewey Decimal Classification |
| Koha item type |
Books |